Word Ladder: Cashier's Proverb Quiz Stats

 Plays Quiz Updated Mar 8, 2013

Support Sporcle.
Go Orange.
Score 0/23 Timer 02:00
0 Plays Today
Hint 4-Letter Word % Correct
Italy's 'Eternal City'ROME
92.5%
When a store discountsSALE
91%
Greater than⋆MORE⋆
90.6%
RodentsRATS
88.5%
A day's payWAGE
87.6%
TV's 'Name That ___'TUNE
87.4%
Tender and painfulSORE
87.1%
Music's pitchTONE
86.8%
Wise old man or an herbSAGE
86.2%
Shakes, like a tailWAGS
85.7%
Large book⋆TOME⋆
85.6%
Only⋆SOLE⋆
85.3%
Hint 4-Letter Word % Correct
Evaluate on a 1-5 scaleRATE
84.5%
Noose or lariat, e.g.ROPE
84.5%
Iron oxideRUST
81.6%
Sulk and poutMOPE
81%
Tampa Bay's MLB teamRAYS
76.5%
Use a swear⋆CUSS⋆
74%
Partner of 'Means'⋆WAYS⋆
73.2%
Magical symbolRUNE
70.1%
Small fryRUNT
69.9%
Director Meyer of sexploitation filmsRUSS
67.1%
Ceremonial practice⋆RITE⋆
61.6%

Today's Daily Dose

Word Ladder
ING Words

Get the Picture
Nearest Volcano

From the Vault

Hangman - April Fools

by PenguinsMeercats

Holiday 3m
You're more than welcome to be a fool during the other 11 months as well, if you want.
Remove Ads.
Support Sporcle.
Get the best of Sporcle when you Go Orange. This ad-free experience offers more features, more stats, and more fun while also helping to support Sporcle. Thank you for becoming a member.

Show Comments

Extras

Top Quizzes Today


Score Distribution

Your Account Isn't Verified!

In order to create a playlist on Sporcle, you need to verify the email address you used during registration. Go to your Sporcle Settings to finish the process.

Report this User

Report this user for behavior that violates our Community Guidelines.

Details: